Hóa sinh học : Các chất phân tử lớn trong hệ thống sống

Đã lưu trong:
书目详细资料
主要作者:  Phạm, Thị Trân Châu
格式: Sách
语言:Undetermined
出版:  Giáo dục Việt Nam  2010
主题:
标签: 添加标签
没有标签, 成为第一个标记此记录!
Thư viện lưu trữ: Trung tâm Thư viện - Trường Đại học Công nghiệp TP. Hồ Chí Minh
LEADER 00560nam a2200157Ia 4500
001 UIH_03454
008 231011s9999 xx 000 0 und d
082 |a  572 
100 |a  Phạm, Thị Trân Châu 
245 0 |a  Hóa sinh học : Các chất phân tử lớn trong hệ thống sống 
245 0 |c  Phạm, Thị Trân Châu 
260 |b  Giáo dục Việt Nam 
260 |c  2010 
650 |a  Hóa sinh học;  
927 |a Sách 
980 |a Trung tâm Thư viện - Trường Đại học Công nghiệp TP. Hồ Chí Minh